000 00570nam a22001817a 4500
008 130821s1930 enk gr eng
040 _aCo-BoUCM
_bspa
041 0 0 _aeng
100 _aEliot, George, Seud
_D1819-1880
_9150243
245 0 0 _aMiddlemarch
_cGeorge Eliot
260 _aLondres (Inglaterra)
_bJ. M. Dent Sons
_c1930
300 _a2volúmenes
490 _aEvery Man's Library No. 855
650 0 4 _aLiteratura inglesa
_9272
650 0 4 _aNovela inglesa
_920530
942 _cLIBRO
_a18
_e1
_mE66
_n0
_2DEWEY
_h823
999 _c86957
_d86957